000 00643nam a22002297a 4500
003 UA-OsUOA
001 93050
007 ta
008 20130114b un ||||| |||| 00| 0 ukr d
100 _aБаимов Р.
090 _a821.512.141
_bБ18
942 _cBK
040 _aUA-OsUOA
_brus
_cUA-OsUOA
_dUA-OsUOA
245 _aПозднее раскаяние
_bповесть, рассказы
300 _a428 с.
955 _a3
041 _arus
080 _a821.512.141
260 _aМ.
_bСоветский писатель
_c1988
650 7 _a82 Література. Літературознавство
_2UDC
999 _c379010
_d379010